Personnage mystère #13 - Statistiques

Statistiques générales
  • Ce quiz a été pris 414 fois
  • Le résultat moyen est 6 sur 7
Statistiques - réponses
Lettres Indices % Correct
SDE Des
100%
EL Le
100%
TEIPT Petit
100%
SULP Plus
99%
GNARDS Grands
98%
HOSÉR Héros
98%
Nom du personnage SamSam
44%
Aucun quiz correspondant
Distribution des résultats
% des personnes avec chaque résultat
Percentile par nombre de réponses
Votre historique - résultats
Vous n’avez pas pris ce quiz